000
00265nam a22001217a 4500
999
_c
166117
_d
166117
082
_a
_b
100
_a
Vanaja K
245
_a
Thulna aur thulna/
_c
by Vanaja K.
260
_a
Mathura:
_b
Jawahar Pustakalaya,
_c
2001.
300
_a
165p.
650
_a
942
_c
BK